Normal view
MARC view
- Blood
Entry Topical Term
001 - CONTROL NUMBER
- control field: 9441
003 - CONTROL NUMBER IDENTIFIER
- control field: OSt
005 - DATE AND TIME OF LATEST TRANSACTION
- control field: 20220512085144.0
008 - FIXED-LENGTH DATA ELEMENTS
- fixed length control field: 220512|| aca||aabn | a|a d
040 ## - CATALOGING SOURCE
- Original cataloging agency: OSt
- Transcribing agency: OSt
150 ## - HEADING--TOPICAL TERM
- Topical term or geographic name entry element: Blood
- General subdivision: Diseases
670 ## - SOURCE DATA FOUND
- Source citation: Work cat.: (OSt): Zefarina Binti Zulkifli 9438, APA YANG ANDA PERLU KETAHUI TENTANG DARAH MANUSIA

PORTAL AKMAL
E-MEL JKDM
AKMAL2U
G-BAM
u-PUSTAKA